| 000 | 01184nam a2200217Ia 4500 | ||
|---|---|---|---|
| 003 | Ost | ||
| 005 | 20260507075034.0 | ||
| 008 | 260507s9999||||xx |||||||||||||| ||und|| | ||
| 040 | _cfsecg | ||
| 041 | _aara | ||
| 082 | _a330 | ||
| 100 |
_aالعلاق، بشير عباس _eمؤلف |
||
| 245 | 0 |
_aتطبيقات الانترنت في التسويق / _c بشير عباس العلاق |
|
| 260 |
_aعمان: _bدار المناهج للنشر والتوزيع, _c2003 |
||
| 300 |
_a306 صفحة؛ _bإيضاحات ؛ _c24 سم |
||
| 520 | _aمقدمة في التسويق في عصر الأنترنت- دور تكنولوجيا المعلومات في تحسين إنتاجية التسويق- الإتصالات التسويقية في عصر الأنترنت والإقتصاد الرقمي- الإعلان عبر الأنترنت- منظور تسويقي جديد للتجارة الألكترونية- التسويق الدولي والأنترنت- التسويق عبر العلاقات المستندة للتكنولوجيا | ||
| 653 | _aأدارة المبيعات | ||
| 653 | _aالتسويق | ||
| 653 | _aالتسويق الإلكتروني | ||
| 942 | _cكتاب | ||
| 999 |
_c42431 _d42431 |
||